000 00890nam a2200181Ia 4500
008 100920s9999 xx 000 0 und d
082 _b70581
_a891.43 थ 96
100 _aउमर मुहम्मद/अनु. शर्मा जानकीप्रसाद.
245 _aभारतीय संस्कृति का मुसलमानों पर प्रभाव.
260 _bसूचना और प्रसारण मन्त्रालय, भारत सरकार.
_c1996
300 _a389
_bसाधी
365 _b200
520 _aहिंदी.
630 _aभारतीय संस्कृति का मुसलमानों पर प्रभाव.
650 _aहिंदी.
730 _aभारतीय संस्कृति का मुसलमानों पर प्रभाव.
942 _cBOOK
999 _c712583
_d712580